| 000 | 00819nam a22001934i 4500 | ||
|---|---|---|---|
| 999 |
_c7269 _d7269 |
||
| 003 | OSt | ||
| 005 | 20191121131336.0 | ||
| 008 | 191121s2018 sp ac|||||||| 000 0dspa|d | ||
| 020 | _a9788494904622 | ||
| 040 |
_aES-BaUAB _bcat _cCDMR |
||
| 245 | 0 | 4 |
_aLos Periodistas estábamos allí para contarlo _b: ciento cincuenta de los más importantes periodistas y fotoperiodistas de España se asoman al último medio siglo de historia de nuestro país _c/ coordinadores: Fernando Jáuregui ... [i 5 més] |
| 264 | 1 |
_a[Santiago de Compostela] : _bTeófilo Edicións, _c2018 |
|
| 300 |
_a480 p. ; _bil. ; _c20 cm |
||
| 650 | 0 | 4 |
_aPeriodisme _zEspanya _xRelats personals |
| 650 | 0 | 4 |
_aPeriodistes gràfics _zEspanya |
| 650 | 0 | 4 |
_aPremsa i política _zEspanya _xHistòria _y1975- |
| 700 | 1 |
_aJáuregui, Fernando, _d1950- |
|
| 942 |
_cMON _2udc |
||